000 00756nam a2200193Ia 4500
008 151119s9999||||xx |||||||||||||| ||und||
082 _a891.4609
082 _bGKKV13340
100 _aजाधव रा ग
245 _aप्र.के. अत्रे साहित्यदृष्टी व साहित्यविचार
260 _a--
260 _b--
260 _c1997
600 _aजाधव रा ग
630 _aप्र.के. अत्रे साहित्यदृष्टी व साहित्यविचार
700 _aजाधव रा ग
730 _aप्र.के. अत्रे साहित्यदृष्टी व साहित्यविचार
942 _cBOOK
999 _c1067019
_d1067016